LEADER 01469nam a2200265 i 4500 001 000000247746 003 CaOOAMICUS 005 20250910153026.0 008 160705s2015 it u000 u ita u 013 $a226651 040 $aSeMil$bita 110 2 $aCaritas Ambrosiana : Osservatorio diocesano delle povertą e delle risorse.$0(OLS)http://semarc/name/60736 245 10$aDare cibo per promuovere dignitą :$bun viaggio in diocesi tra i servizi di sostegno alimentare. Quattordicesimo rapporto sulle povertą nella diocesi di Milano /$cCaritas Ambrosiana, Ossevatorio diocesano delle povertą e delle risorse. 260 $aMilano :$bFondazione Luigi Moneta,$cstampa 2015. 300 $a139 p. , 21 cm. 490 1 $aQuaderni Caritas 650 4$aMilano (Arcidiocesi) - Povertą - Statistiche.$0(OLS)http://semarc/subject/21277 650 4$aPovertą alimentare - Italia - Indagini.$0(OLS)http://semarc/subject/34834 830 0$aQuaderni Caritas.$0(OLS)http://semarc/title/18667 850 $aSeMil 852 $aSeMil$W1$xVenegono$y1$m3YY II 4/14$j261680$B198092$CSeMilBibl$Z2$F211945 $81 961 $aOmaggio: Delpini mons. Mario 996 $6245$aDare cibo per promuovere dignitą :$bun viaggio in diocesi tra i servizi di sostegno alimentare. Quattordicesimo rapporto sulle povertą nella diocesi di Milano$9(OLS)http://semarc/title/349764 996 $6260$aMilano :$bFondazione Luigi Moneta$9(OLS)http://semarc/publisher/32570 LEADER 01204nam a2200277 i 4500 001 000000108713 003 CaOOAMICUS 005 20021008000000.0 008 021008s1981 it u000 u ita u 013 $a81393 020 $a88-213-0032-3 040 $aSeMil$bita 245 10$aMentalitą religiosa e spiritualitą. 250 $a2. ed., riveduta dall'autore. 300 $a585 p. 490 0 $aStudi storici ;$v4 500 $aIn Appendice : Note per uno studio sui sogni di Don Bosco. 650 4$aBosco, Giovanni - Spiritualitą.$0(OLS)http://semarc/subject/19200 700 1 $aStella, Pietro .$0(OLS)http://semarc/name/89229 773 0 $aStella, Pietro $tDon Bosco nella storia della religiositą cattolica.$dRoma : LAS, copyr. 1979-copyr. 1988.$gVolume2$w()7494 830 0$aStudi storici ;$v4.$0(OLS)http://semarc/title/6527 850 $aSeMil 852 $aSeMil$W1$xVenegono$y1$m3H IV 15$j64777$B64777$CSeMilBibl$Z2$F78726 $81 961 $aOmaggio: Martini Card. Carlo Maria 996 $6020$a88-213-0032-3$9(OLS)http://semarc/number/89751 996 $6245$aMentalitą religiosa e spiritualitą$9(OLS)http://semarc/title/157698